000 00394nam a2200145Ia 4500
008 231129s1998||||xx |||||||||||||| ||spa||
020 _a958-95768-1-8
040 _bspa
082 _a759.861 G934
100 _aGuerrero Alfredo
245 0 _aAlfredo Guerrero y su mundo pictorico
260 _c1998
264 _aMinisterio de Cultura
942 _2ddc
_cBKS
999 _c4743
_d4743